Madonna - What It Feels Like For A Girl - Lyrics - Statistics

General Stats
  • This quiz has been taken 12 times
  • The average score is 189 of 260
Answer Stats
Answer % Correct
a
100%
and
100%
boy
100%
But
100%
but
100%
can
100%
girl
100%
girl?
100%
Girls
100%
girls
100%
is
100%
like
100%
wear
100%
Wear
100%
be
83%
Cause
83%
Do
83%
feels
83%
for
83%
For
83%
hair
83%
Hair
83%
in
83%
In
83%
it
83%
it's
83%
know
83%
know?
83%
look
83%
their
83%
this
83%
to
83%
what
83%
What
83%
When
83%
when
83%
world?
83%
world
83%
you?
83%
you
83%
as
67%
blue
67%
could
67%
cut
67%
don't
67%
jeans
67%
love
67%
OK
67%
on
67%
one
67%
short
67%
so
67%
that
67%
your
67%
baby
50%
degrading
50%
hard
50%
inside
50%
knows
50%
Lips
50%
no
50%
not
50%
shirts
50%
show
50%
that's
50%
they
50%
Tight
50%
up
50%
Wouldn't
50%
you're
50%
best
33%
boots
33%
candy
33%
finger
33%
Good
33%
Hurt
33%
less?
33%
little
33%
never
33%
patches
33%
secretly
33%
shows
33%
Silky
33%
Skin
33%
smooth
33%
Strong
33%
supposed
33%
sweet
33%
tips
33%
twirls
33%
weak?
33%
you'd
33%
fall
17%
gently
17%
Hands
17%
hips
17%
jutting
17%
mouth
17%
open
17%
repenting
17%
rest
17%
speak
17%
tears
17%
trying
17%
No matching quizzes found
Score Distribution
Percent of People with Each Score
Percentile by Number Answered
Your Score History
You have not taken this quiz